Historia política de Brasil: 1500-1964
Zapisane w:
| 1. autor: | |
|---|---|
| Format: | Książka |
| Język: | hiszpański |
| Wydane: |
Madrid
MAPFRE
1992
|
| Seria: | Colección realidades americanas, 4
|
| Hasła przedmiotowe: | |
| Etykiety: |
Dodaj etykietę
Nie ma etykietki, Dołącz pierwszą etykiete!
|
MARC
| LEADER | 00000nam a2200000 a 4500 | ||
|---|---|---|---|
| 001 | UCX7050 | ||
| 003 | CL-VaPUC | ||
| 008 | 930914e19920000SP |||||||||||||||||spa|d | ||
| 082 | 0 | 4 | |a 981 |b IGL |2 21 |
| 100 | |a Iglesias, Francisco |e author |9 381511 | ||
| 245 | 1 | 0 | |a Historia política de Brasil: 1500-1964 |
| 300 | |a 365 p | ||
| 942 | |c BK | ||
| 945 | |d 19930914 00:00:00 | ||
| 260 | |a Madrid |b MAPFRE |c 1992 | ||
| 650 | 7 | |a POLITICA Y GOBIERNO 1500-1964 |2 CL-VaPUC |9 323800 | |
| 650 | 0 | |a Historia |9 255047 | |
| 651 | 0 | |a Brasil |9 267393 | |
| 583 | |a last modification |c 19930914 00:00:00 |k Rodrigo Vera | ||
| 490 | 0 | |a Colección realidades americanas, 4 | |
| 999 | |c 226970 |d 226968 | ||
| 952 | |0 0 |1 0 |4 0 |6 981_000000000000000_IGL_1992 |7 0 |8 A |9 225683 |a BIBHIS |b BIBHIS |d 2019-11-15 |i 2943220 |l 3 |m 2 |o 981 IGL 1992 |p 2943220 |r 2025-01-20 |s 2024-06-19 |w 2019-11-15 |y BK |k HIS | ||